[Event "Eastpointe (US Am N/1a/8)"]
[Site "?"]
[Date "1994.??.??"]
[Round "?"]
[White "Wisckol, Richard"]
[Black "Skoda, Matt"]
[Result "1-0"]
[WhiteElo "1875"]
[BlackElo "1605"]
[PlyCount "85"]
[EventDate "1994.??.??"]

1. c4 f5 2. d4 Nf6 3. Nc3 g6 4. g3 Bg7 5. Bg2 O-O 6. Nf3 d6 7. O-O c6 8. Qc2
Na6 9. a3 Qe8 10. Re1 e5 11. dxe5 dxe5 12. e3 e4 13. Nd4 Nc5 14. Bf1 Ne6 15.
Bd2 Nh5 16. Nxe6 Bxe6 17. Ne2 Qf7 18. Nd4 Rad8 19. Nxe6 Qxe6 20. Bb4 Rf7 21. c5
Nf6 22. Bc4 Nd5 23. Rad1 Rfd7 24. Ba5 Re8 25. Re2 Kh8 26. Red2 Ree7 27. b4 Qe5
28. b5 Nf6 29. Bc3 Qc7 30. Rd6 Ne8 31. Bxg7+ Kxg7 32. Qb2+ Kh6 33. R6d4 Rxd4
34. exd4 Nf6 35. a4 f4 36. d5 Nxd5 37. Bxd5 cxd5 38. Rxd5 Rd7 39. Rxd7 Qxd7 40.
Qc1 g5 41. c6 bxc6 42. Qxc6+ Qxc6 43. bxc6 1-0

[Event "Eastpointe (EDO/5/9)"]
[Site "?"]
[Date "1994.??.??"]
[Round "?"]
[White "Wisckol, Richard"]
[Black "Rutkofske, Lonnie"]
[Result "1/2-1/2"]
[WhiteElo "1865"]
[BlackElo "1980"]
[PlyCount "40"]
[EventDate "1994.??.??"]

{5/(9)} 1. c4 f5 2. d4 g6 3. Nc3 Bg7 4. Nf3 Nf6 5. e3 O-O 6. Be2 d6 7. O-O c6
8. Qc2 Na6 9. a3 Nc7 10. b4 a6 11. Bb2 Qe8 12. Rad1 d5 13. h3 Ne4 14. cxd5 Nxc3
15. Bxc3 Nxd5 16. Bc4 e6 17. Bd2 Nf6 18. Bc1 h6 19. Qb3 Kh7 20. Rfe1 Ne4
1/2-1/2

[Event "Eastpointe (US Am N/6/5)"]
[Site "?"]
[Date "1994.??.??"]
[Round "?"]
[White "Wisckol, Richard"]
[Black "Jointer, William"]
[Result "1-0"]
[WhiteElo "1875"]
[BlackElo "1700"]
[PlyCount "49"]
[EventDate "1994.??.??"]

{6/(5)} 1. c4 Nf6 2. Nc3 b6 3. d4 Bb7 4. Bf4 e6 5. Nf3 Bb4 6. a3 Bxc3+ 7. bxc3
O-O 8. g3 Ne4 9. Qc2 f5 10. Bg2 g5 11. Nxg5 Nd6 12. Bxb7 Nxb7 13. g4 h6 14. Nf3
Rf6 15. gxf5 Kf8 16. Rg1 Qe7 17. Ne5 Ke8 18. Rg8+ Rf8 19. Rxf8+ Qxf8 20. Qe4 c6
21. fxe6 c5 22. Qg6+ Ke7 23. Bxh6 Qc8 24. Qf7+ Kd6 25. Bf8+ 1-0

[Event "Detroit (MI Op/2/28)"]
[Site "?"]
[Date "1994.??.??"]
[Round "?"]
[White "Wisckol, Richard"]
[Black "Drkulec, Vladimir"]
[Result "1/2-1/2"]
[WhiteElo "1895"]
[BlackElo "2225"]
[PlyCount "77"]
[EventDate "1994.??.??"]

{2/(28)} 1. c4 Nf6 2. Nc3 g6 3. e4 c5 4. Nf3 Nc6 5. d4 cxd4 6. Nxd4 Nxd4 7.
Qxd4 d6 8. Bg5 Bg7 9. f3 h6 10. Be3 O-O 11. Qd2 Kh7 12. Be2 Be6 13. Rb1 Nd7 14.
O-O f5 15. exf5 Bxf5 16. Rbc1 Qa5 17. b3 Ne5 18. Qd5 Qxd5 19. Nxd5 Nc6 20. Rcd1
Rad8 21. Bd3 Rf7 22. Bxf5 gxf5 23. Nc7 f4 24. Bf2 Be5 25. g4 fxg3 26. Bxg3 Rg8
27. Kf2 Bd4+ 28. Kg2 e5 29. Nb5 Rf6 30. Nxd4 Nxd4 31. f4 Nf5 32. Kf3 exf4 33.
Bxf4 Nh4+ 34. Ke4 Rgf8 35. Rd2 Re8+ 36. Kd3 Ng6 37. Rdf2 Ref8 38. Ke3 Re8+ 39.
Kd3 1/2-1/2

[Event "Detroit (MCO/Ch/5/9)"]
[Site "?"]
[Date "1994.??.??"]
[Round "?"]
[White "Wilson, Vester"]
[Black "Strugach, L."]
[Result "1-0"]
[WhiteElo "2080"]
[BlackElo "2370"]
[PlyCount "65"]
[EventDate "1994.??.??"]

{5/(9)} 1. e4 c5 2. Nf3 Nc6 3. d4 cxd4 4. Nxd4 Nf6 5. Nc3 d6 6. f3 Qb6 7. Nb3
Bd7 8. Bg5 e6 9. Qd2 O-O-O 10. O-O-O Be8 11. g4 Qc7 12. Nb5 Qb8 13. Qc3 Be7 14.
Be3 b6 15. Be2 Kb7 16. g5 Nh5 17. f4 f6 18. N5d4 Nxd4 19. Nxd4 e5 20. Ne6 Rc8
21. Qa3 Nxf4 22. Bxf4 exf4 23. gxf6 Bxf6 24. Ba6+ Ka8 25. Bxc8 Qxc8 26. Qxd6
Bc6 27. Rhe1 Kb7 28. e5 Bh4 29. Rg1 g6 30. Nxf4 Bf2 31. Rgf1 Bc5 32. Qf6 Re8
33. Nd5 1-0

[Event "Detroit (MCO/Ch/1a/5)"]
[Site "?"]
[Date "1994.??.??"]
[Round "?"]
[White "Wilson, Vester"]
[Black "Leykekhman, D."]
[Result "1/2-1/2"]
[WhiteElo "2080"]
[BlackElo "2255"]
[PlyCount "95"]
[EventDate "1994.??.??"]

1. e4 c5 2. Nf3 d6 3. d4 cxd4 4. Nxd4 Nf6 5. Nc3 g6 6. f3 Bg7 7. Be3 O-O 8. Qd2
Nc6 9. O-O-O d5 10. exd5 Nxd5 11. Nxc6 bxc6 12. Nxd5 cxd5 13. Qxd5 Rb8 14. b3
Qe8 15. Be2 Be6 16. Qc5 a5 17. Bf4 Rc8 18. Qb5 Bf5 19. Rd2 Bc3 20. Rd5 Qxb5 21.
Rxb5 Bb2+ 22. Kxb2 Rxc2+ 23. Ka3 Rxe2 24. g4 Be6 25. Rxa5 Rc8 26. Rd1 f6 27. g5
fxg5 28. Bxg5 Kf7 29. h4 Rcc2 30. Ra1 Rc3 31. f4 Rc7 32. Kb4 Re4+ 33. Ka3 Re2
34. Re5 Ra7+ 35. Kb4 Rexa2 36. Rxa2 Rxa2 37. h5 Ra7 38. hxg6+ hxg6 39. Kc3 Rc7+
40. Kb2 Rb7 41. Re3 Bd5 42. Bh4 Rxb3+ 43. Rxb3 Bxb3 44. Kxb3 Ke6 45. Bxe7 Kxe7
46. Kc4 Ke6 47. Kd4 Kf5 48. Ke3 1/2-1/2

[Event "Detroit (MCO/Ch/4/7)"]
[Site "?"]
[Date "1994.??.??"]
[Round "?"]
[White "Wilson, Vester"]
[Black "Gabbara, Faris"]
[Result "0-1"]
[WhiteElo "2060"]
[BlackElo "2195"]
[PlyCount "72"]
[EventDate "1994.??.??"]

{4/(7)} 1. e4 e5 2. Nf3 Nf6 3. Nc3 Bb4 4. Bc4 Nc6 5. Nd5 Nxd5 6. exd5 Na5 7.
Be2 e4 8. Nd4 Qf6 9. Nb5 Bc5 10. O-O Bb6 11. Nc3 Qd4 12. b3 c6 13. Bb2 O-O 14.
Qc1 Re8 15. Na4 Qxd5 16. c4 Qg5 17. c5 Bc7 18. b4 d5 19. Re1 Bf4 20. bxa5 Bh3
21. Bf1 Bxd2 22. Qc2 Bxe1 23. Rxe1 Bf5 24. Re3 Bg6 25. Qc3 f6 26. Qb3 Re7 27.
a6 bxa6 28. Bxa6 f5 29. Qd1 f4 30. Rb3 e3 31. f3 e2 32. Qe1 Bc2 33. Ra3 Rb8 34.
h4 Qg3 35. Qxe2 Rxe2 36. Bxe2 Bxa4 0-1

[Event "Jackson (Prison m/Oct)"]
[Site "?"]
[Date "1994.??.??"]
[Round "?"]
[White "Wilson, H."]
[Black "Pecot, Dave"]
[Result "0-1"]
[WhiteElo "1605"]
[BlackElo "1605"]
[PlyCount "121"]
[EventDate "1994.??.??"]

1. e4 c5 2. Nc3 Nc6 3. a3 g6 4. Bc4 Bg7 5. Qf3 Nf6 6. Nge2 d6 7. h3 Ne5 8.
Bxf7+ Kxf7 9. Qf4 Rf8 10. d4 cxd4 11. Nxd4 Nc6 12. Nf3 Kg8 13. Qh4 b6 14. O-O
Bb7 15. Bh6 e5 16. Bxg7 Kxg7 17. Ng5 Qe8 18. Nd5 h6 19. Nf3 Nxd5 20. exd5 Ne7
21. c4 Nxd5 22. cxd5 Bxd5 23. Nh2 e4 24. Ng4 h5 25. Ne3 Bb7 26. Qg3 Qe7 27.
Rfd1 Rfd8 28. Nc4 d5 29. Ne3 Qd6 30. Qxd6 Rxd6 31. Rac1 Rd7 32. Rd4 Kf6 33.
Rcd1 Ke6 34. Ra4 a6 35. Rad4 Rc8 36. R1d2 Rc1+ 37. Kh2 Rc5 38. g3 g5 39. g4
hxg4 40. hxg4 Ke5 41. b4 Rc3 42. a4 Ke6 43. a5 b5 44. Kg2 Ke5 45. Nf5 Rd3 46.
R4xd3 exd3 47. Kg3 Rd8 48. Rxd3 Bc8 49. Re3+ Kf6 50. Nd4 Bd7 51. Nf3 Re8 52.
Rd3 Re4 53. Nh2 Be6 54. Rb3 d4 55. Rb2 d3 56. Rd2 Rxb4 57. Rxd3 Rb3 58. Rf3+
Ke5 59. Rxb3 Bxb3 60. Nf3+ Kf6 61. Nd4 0-1

[Event "Detroit (MOR/1b/18)"]
[Site "?"]
[Date "1994.??.??"]
[Round "?"]
[White "Willman, T."]
[Black "Woolery, Bob"]
[Result "0-1"]
[WhiteElo "1605"]
[BlackElo "1605"]
[PlyCount "136"]
[EventDate "1994.??.??"]

1. e4 c5 2. d4 cxd4 3. Nf3 Nc6 4. Bc4 Nf6 5. e5 Ng4 6. O-O Ngxe5 7. Nxe5 Nxe5
8. Qxd4 Nxc4 9. Qxc4 d5 10. Qd4 Bf5 11. Na3 e6 12. Bf4 a6 13. Rad1 Rc8 14. Rd2
f6 15. Re1 Be7 16. Qe3 e5 17. Bxe5 O-O 18. Bd4 Re8 19. Qf4 Bg6 20. Nb1 Bd6 21.
Rxe8+ Qxe8 22. Qe3 Qxe3 23. Bxe3 Rxc2 24. Rxd5 Rxb2 25. Nd2 Bb4 26. h3 Bxd2 27.
Rxd2 Rxd2 28. Bxd2 Bf7 29. a3 Bc4 30. f3 Kf7 31. Kf2 Ke6 32. h4 g6 33. g4 f5
34. Kg3 fxg4 35. fxg4 Ke5 36. Kf3 Kd4 37. Bb4 Bd5+ 38. Kf4 Kc4 39. Ke5 h5 40.
g5 Bh1 41. Kf6 Be4 42. Ke5 Bf5 43. Kd6 Kb5 44. Kc7 Be4 45. Kd6 Ka4 46. Kc5 a5
47. Bc3 b5 48. Kd4 Bf5 49. Kc5 Kb3 50. Be5 Bd3 51. Ba1 Kxa3 52. Kd4 a4 53. Bc3
Bf5 54. Kc5 Kb3 55. Bb4 Bd3 56. Ba5 Kc2 57. Kd4 Bc4 58. Ke5 Kb3 59. Kf6 Bd3 60.
Ke5 Kc4 61. Kf4 b4 62. Ke3 b3 63. Kd2 b2 64. Bc3 b1=Q 65. Be5 Kd5 66. Bf6 Ke6
67. Ke3 Bf5 68. Kd4 Qe4+ 0-1

[Event "Detroit (Beg/2/4)"]
[Site "?"]
[Date "1994.??.??"]
[Round "?"]
[White "Willman, T."]
[Black "Woods, O."]
[Result "0-1"]
[WhiteElo "1605"]
[BlackElo "1605"]
[PlyCount "62"]
[EventDate "1994.??.??"]

{2/(4)} 1. e4 e5 2. Nc3 Nf6 3. Nf3 Nc6 4. d4 exd4 5. Nxd4 Bb4 6. Qd3 Bxc3+ 7.
bxc3 O-O 8. Be2 Qe8 9. Bf3 d5 10. O-O dxe4 11. Bxe4 Nxe4 12. Re1 Nxd4 13. Qxd4
Bf5 14. Bf4 Qc6 15. Re3 Rad8 16. Qe5 Qd7 17. Rd3 Qe6 18. Qxc7 Rxd3 19. cxd3 Nf6
20. Qxb7 Re8 21. h3 Bxd3 22. Rd1 Nd5 23. Bd2 Be4 24. Re1 Qg6 25. g3 Nxc3 26.
Bxc3 h6 27. Qb5 Re6 28. Qb8+ Kh7 29. Kh2 Qf5 30. Bd4 Rf6 31. Bxf6 Qxf2# 0-1

[Event "Detroit (Beg/4/7)"]
[Site "?"]
[Date "1994.??.??"]
[Round "?"]
[White "Willman, T."]
[Black "Priebe, Raymond"]
[Result "0-1"]
[WhiteElo "1605"]
[BlackElo "1605"]
[PlyCount "46"]
[EventDate "1994.??.??"]

{4/(7)} 1. e4 c5 2. Nf3 Nc6 3. Bc4 f6 4. O-O d6 5. Nc3 Ne5 6. Bb3 Bg4 7. h3
Bxf3 8. gxf3 Qc8 9. d4 c4 10. Ba4+ Nd7 11. Nd5 e6 12. Re1 exd5 13. exd5+ Ne7
14. Bf4 Qc7 15. Qe2 g5 16. Bg3 O-O-O 17. Bxd6 Qxd6 18. Qxc4+ Qc7 19. Qb5 Nb6
20. Qa5 Nxa4 21. Qxa4 Nxd5 22. Re6 Qd7 23. Rae1 Qxa4 0-1

[Event "Detroit (MOR/3/68)"]
[Site "?"]
[Date "1994.??.??"]
[Round "?"]
[White "Willman, T."]
[Black "Fields, W."]
[Result "0-1"]
[WhiteElo "1605"]
[BlackElo "1605"]
[PlyCount "74"]
[EventDate "1994.??.??"]

{3/(68)} 1. e4 c5 2. d4 cxd4 3. Nf3 d6 4. Nxd4 Nf6 5. Nc3 a6 6. Bc4 e6 7. O-O
Qc7 8. Qe2 Be7 9. Bf4 e5 10. Nf5 Bxf5 11. Bg3 Bg4 12. f3 Bd7 13. Kh1 Nc6 14.
Rad1 Nd4 15. Qd3 Rc8 16. Bf2 Qxc4 17. Qe3 O-O 18. f4 Bg4 19. Rc1 Bd7 20. fxe5
dxe5 21. Bg3 Nc6 22. b3 Qe6 23. Qb6 Rb8 24. Bf2 Bd8 25. Qe3 Ng4 26. Qg3 Nxf2+
27. Qxf2 Ba5 28. Ne2 f5 29. Qh4 f4 30. g3 Bd2 31. Rcd1 Be3 32. g4 Nb4 33. g5
Bc6 34. Nc3 Nxa2 35. Nd5 Bxd5 36. exd5 Qf5 37. Rd3 Qe4+ 0-1

[Event "Detroit (Beg/1/10)"]
[Site "?"]
[Date "1994.??.??"]
[Round "?"]
[White "Willman, T."]
[Black "Dangremond, D."]
[Result "1-0"]
[WhiteElo "1605"]
[BlackElo "1605"]
[PlyCount "67"]
[EventDate "1994.??.??"]

{1/(10)} 1. e4 e5 2. Nc3 Nc6 3. f4 exf4 4. Nf3 Nf6 5. d4 Bb4 6. Bxf4 Bxc3+ 7.
bxc3 Nxe4 8. Qd3 d5 9. O-O-O Nf2 10. Qe3+ Ne4 11. Bd3 Bf5 12. Nd2 Qe7 13. Rhf1
Nxc3 14. Rde1 Qe6 15. Bxf5 Qxe3 16. Rxe3+ Ne4 17. Bxc7 O-O 18. Rff3 Nxd4 19.
Rf4 Ne6 20. Rh4 g6 21. Bxe4 Nxc7 22. Reh3 h5 23. Bd3 Rfe8 24. Nb3 Re5 25. Nc5
b6 26. Nd7 Re6 27. Rg3 Kh8 28. Rf4 Re7 29. Nf6 Ne6 30. Rh4 Nc5 31. Nxh5 Nxd3+
32. Rxd3 Re2 33. Nf4+ Kg7 34. Nxe2 1-0

[Event "Detroit (MI Op/5/29)"]
[Site "?"]
[Date "1994.??.??"]
[Round "?"]
[White "Williams, Ron"]
[Black "VanLoon, C."]
[Result "1/2-1/2"]
[WhiteElo "1870"]
[BlackElo "1950"]
[PlyCount "116"]
[EventDate "1994.??.??"]

{5/(29)} 1. Nf3 e6 2. g3 d5 3. d3 c5 4. Bg2 Nf6 5. c3 Bd6 6. O-O Bd7 7. Nbd2
Bc6 8. Re1 e5 9. e4 d4 10. c4 Nbd7 11. a4 O-O 12. h3 Ne8 13. g4 g5 14. Nf1 f6
15. Ng3 Ng7 16. h4 h6 17. hxg5 hxg5 18. Nf5 Nxf5 19. gxf5 Kg7 20. Nh2 Rh8 21.
Qf3 Rh4 22. Qg3 Qe7 23. Nf3 Rh5 24. Kf1 Rah8 25. Ke2 Kf8 26. Bd2 Qg7 27. Rg1
Be7 28. b3 Nb8 29. Kd1 Na6 30. Kc2 Nc7 31. a5 a6 32. Rh1 Rxh1 33. Rxh1 Rxh1 34.
Bxh1 Qh6 35. Bg2 Ne8 36. Qh2 Qxh2 37. Nxh2 Nd6 38. f3 Nc8 39. Ng4 Kg7 40. Kb2
b5 41. axb6 Nxb6 42. Bf1 Nd7 43. Be2 Bd8 44. Bd1 a5 45. Ka2 Nb8 46. Bc2 Na6 47.
Be1 Bc7 48. Bd2 Bd7 49. Bd1 Bb6 50. Be2 Nc7 51. Bd1 Ne8 52. Be2 Nd6 53. Nf2 Nf7
54. Bd1 Nh6 55. Be2 Bc7 56. Bd1 Kf7 57. Ng4 Kg7 58. Nf2 Kh7 1/2-1/2

[Event "Detroit (Class A/2/9)"]
[Site "?"]
[Date "1994.??.??"]
[Round "?"]
[White "Williams, Ron"]
[Black "Poenisch, Volker"]
[Result "0-1"]
[WhiteElo "1905"]
[BlackElo "1825"]
[PlyCount "40"]
[EventDate "1994.??.??"]

{2/(9)} 1. e4 e5 2. Nf3 Nc6 3. Nc3 Nf6 4. Bc4 Bc5 5. O-O d6 6. h3 h6 7. d3 g5
8. Nxg5 hxg5 9. Bxg5 Rg8 10. h4 Rxg5 11. hxg5 Bg4 12. Qd2 Nh5 13. Nd5 Nf4 14.
Nf6+ Kf8 15. c3 Kg7 16. g3 Bf3 17. Bxf7 Qh8 18. Bh5 Nxh5 19. Ng4 Bxg4 20. Kg2
Nf4+ 0-1

[Event "Detroit (MI Op/1a/15)"]
[Site "?"]
[Date "1994.??.??"]
[Round "?"]
[White "Williams, Ron"]
[Black "Linn, Peter"]
[Result "1/2-1/2"]
[WhiteElo "1870"]
[BlackElo "2155"]
[PlyCount "62"]
[EventDate "1994.??.??"]

1. c4 f5 2. Nc3 Nf6 3. g3 g6 4. Bg2 Bg7 5. d3 d6 6. Nf3 e5 7. e4 Nc6 8. O-O O-O
9. Bg5 h6 10. Bd2 fxe4 11. dxe4 Be6 12. b3 Qd7 13. Be3 Bg4 14. Qd3 Rf7 15. Nd2
Nb4 16. Qb1 Bh3 17. f3 Bxg2 18. Kxg2 Raf8 19. a3 Nc6 20. Ne2 Qe7 21. Qd3 Nh7
22. h4 g5 23. hxg5 Nxg5 24. Rf2 Qe6 25. Rh1 Qg6 26. Rh4 Ne6 27. Rg4 Qf6 28. Nc3
Ned4 29. Nd5 Qe6 30. Rh4 a6 31. b4 b5 1/2-1/2

[Event "Romulus (RVO/3/16)"]
[Site "?"]
[Date "1994.??.??"]
[Round "?"]
[White "Williams, Ron"]
[Black "Kane, Paul"]
[Result "1-0"]
[WhiteElo "1870"]
[BlackElo "1605"]
[PlyCount "119"]
[EventDate "1994.??.??"]

{3/(16)} 1. c4 e6 2. Nc3 Nf6 3. g3 d5 4. cxd5 Nxd5 5. Bg2 c6 6. Nf3 Nd7 7. O-O
Bd6 8. Ne4 Bc7 9. a3 N7f6 10. d3 h6 11. Qc2 Qe7 12. b4 Bd7 13. Nc5 Bc8 14. e4
Nb6 15. Bb2 O-O 16. Rad1 Nbd7 17. Nb3 Rd8 18. Rfe1 Rb8 19. d4 b6 20. Qxc6 Ne8
21. Qc2 Bb7 22. Qd2 Nd6 23. Qd3 Bxe4 24. Rxe4 Nxe4 25. Qxe4 Nf6 26. Qe2 Nd5 27.
Re1 a5 28. b5 Bd6 29. Ne5 Bxe5 30. Qxe5 Rbc8 31. Bxd5 a4 32. Nc1 Rc2 33. Nd3
Rxb2 34. Nxb2 Qxa3 35. Nc4 Qb4 36. Bxe6 fxe6 37. Qxe6+ Kh8 38. Qe7 Qxe7 39.
Rxe7 Rxd4 40. Na3 Rd3 41. Re3 Rd1+ 42. Kg2 Kg8 43. Re4 Kf7 44. Rxa4 Ra1 45. Ra6
g5 46. Nc4 Rc1 47. Ne3 Rc5 48. Rxb6 Kg7 49. g4 h5 50. gxh5 g4 51. h6+ Kh7 52.
Nxg4 Rc7 53. Rc6 Rb7 54. b6 Kh8 55. Nf6 Rc7 56. b7 Rg7+ 57. hxg7+ Kxg7 58. b8=Q
Kf7 59. Qe8+ Kg7 60. Nh5+ 1-0

[Event "Romulus (RVO/1/16)"]
[Site "?"]
[Date "1994.??.??"]
[Round "?"]
[White "Williams, Ron"]
[Black "Hartwig, Thomas"]
[Result "1-0"]
[WhiteElo "1870"]
[BlackElo "1605"]
[PlyCount "93"]
[EventDate "1994.??.??"]

{1/(16)} 1. Nf3 d5 2. g3 c5 3. Bg2 Bf5 4. d3 Nc6 5. Nbd2 Nf6 6. O-O e6 7. Re1
Be7 8. c3 h6 9. a4 O-O 10. h3 Qb6 11. e4 Bh7 12. Qe2 Qa6 13. Nh2 Rad8 14. Bf1
dxe4 15. dxe4 Qxe2 16. Rxe2 Ne5 17. f3 Rd7 18. Ng4 Nfxg4 19. hxg4 Rfd8 20. Kg2
Nd3 21. Nc4 Nxc1 22. Rxc1 Rd1 23. Re1 Rxc1 24. Rxc1 f5 25. gxf5 exf5 26. e5 Kf8
27. Re1 Bg8 28. Ne3 Rd2+ 29. Re2 Rxe2+ 30. Bxe2 g6 31. c4 Ke8 32. f4 Kd7 33.
Bf3 b6 34. Bd5 Bh7 35. Kf3 g5 36. g4 gxf4 37. Nxf5 Bg5 38. e6+ Kd8 39. Nd6 Ke7
40. Nc8+ Kf6 41. Nxa7 Bg8 42. Nc8 Bxe6 43. Nxb6 Bh4 44. Kxf4 Bg5+ 45. Kf3 Bc1
46. a5 Bxd5+ 47. Nxd5+ 1-0

[Event "Romulus (RVO/5/5)"]
[Site "?"]
[Date "1994.??.??"]
[Round "?"]
[White "Williams, Ron"]
[Black "Gabbara, Faris"]
[Result "0-1"]
[WhiteElo "1870"]
[BlackElo "2195"]
[PlyCount "108"]
[EventDate "1994.??.??"]

{5/(5)} 1. c4 e6 2. Nc3 d5 3. cxd5 exd5 4. g3 Nf6 5. Bg2 c5 6. d3 Be7 7. e3 Nc6
8. Nge2 Bg4 9. h3 Bh5 10. Qd2 d4 11. Ne4 Nd5 12. Nf4 dxe3 13. fxe3 Nxf4 14.
exf4 f5 15. Nf2 Nd4 16. g4 Bf7 17. O-O Bd5 18. Nd1 fxg4 19. hxg4 O-O 20. Nc3
Bxg2 21. Qxg2 Nc6 22. Nd5 Bf6 23. Be3 Bd4 24. Bxd4 Nxd4 25. Rae1 Rf7 26. Re5
Nc6 27. Rg5 Nb4 28. Qe4 Nxd5 29. Qxd5 Qxd5 30. Rxd5 b6 31. Kg2 Re8 32. f5 h6
33. Rf2 Kf8 34. Rd6 Rf6 35. Rxf6+ gxf6 36. Kf3 Re1 37. Rh2 Kg7 38. Re2 Rxe2 39.
Kxe2 Kf7 40. Kf3 Ke7 41. Ke4 Kd6 42. a4 a6 43. b3 b5 44. a5 Kc6 45. d4 c4 46.
bxc4 bxc4 47. d5+ Kc5 48. d6 Kxd6 49. Kd4 c3 50. Kxc3 Ke5 51. Kc4 Kf4 52. Kc5
Kxg4 53. Kb6 h5 54. Kxa6 h4 0-1

[Event "Detroit (MI Op/3/32)"]
[Site "?"]
[Date "1994.??.??"]
[Round "?"]
[White "Williams, Ron"]
[Black "Dangremond, Leonard"]
[Result "1-0"]
[WhiteElo "1870"]
[BlackElo "2030"]
[PlyCount "89"]
[EventDate "1994.??.??"]

{3/(32)} 1. Nf3 Nf6 2. g3 c5 3. Bg2 Nc6 4. d3 g6 5. O-O Bg7 6. e4 O-O 7. c3 b6
8. Nbd2 Bb7 9. Re1 Qc7 10. h3 d5 11. Qe2 dxe4 12. dxe4 Nd7 13. Ng5 h6 14. Ngf3
a6 15. Nf1 b5 16. Bf4 e5 17. Be3 Ne7 18. Nh4 g5 19. Nf5 Nxf5 20. exf5 Bxg2 21.
Kxg2 c4 22. Rad1 Rad8 23. Qc2 Nc5 24. Bxc5 Qxc5 25. Qe4 Rd6 26. Rxd6 Qxd6 27.
Ne3 Qd7 28. Ng4 f6 29. Re2 Qd6 30. a4 Rd8 31. axb5 axb5 32. Ne3 h5 33. g4 h4
34. Kf3 Bf8 35. Re1 Qd3 36. Rd1 Qxe4+ 37. Kxe4 Rc8 38. Nd5 Kf7 39. Ra1 Bc5 40.
Ra6 Bxf2 41. Rxf6+ Kg7 42. Rg6+ Kf7 43. Rxg5 Ra8 44. Rh5 Ra2 45. g5 1-0

[Event "Detroit (MI Op/7/19)"]
[Site "?"]
[Date "1994.??.??"]
[Round "?"]
[White "Williams, Ron"]
[Black "Clark, K."]
[Result "1/2-1/2"]
[WhiteElo "1870"]
[BlackElo "2035"]
[PlyCount "72"]
[EventDate "1994.??.??"]

{7/(19)} 1. c4 Nf6 2. Nf3 d6 3. Nc3 g6 4. g3 Bg7 5. Bg2 O-O 6. O-O c5 7. d3 Nc6
8. a3 Bg4 9. h3 Bd7 10. Rb1 Qc8 11. Kh2 Ne8 12. Bd2 Rb8 13. Qc1 Nc7 14. Bh6 Nd4
15. Bxg7 Kxg7 16. b4 b6 17. Nxd4 cxd4 18. Ne4 Ne6 19. b5 h6 20. Qb2 f5 21. Nd2
Qc5 22. f4 Kh7 23. Nb3 Qc7 24. Nxd4 Nc5 25. Nf3 Rbe8 26. Qc2 e5 27. Ng1 Re7 28.
Qd2 Rfe8 29. e3 Bc8 30. Bd5 Bb7 31. Bxb7 Nxb7 32. Rfe1 d5 33. Qc3 exf4 34. exf4
Rxe1 35. Rxe1 Rxe1 36. Qxe1 Nd8 {[Remainder illegible; 1/2-1/2, 47?]} 1/2-1/2

[Event "Grand Rapids (MI Am/4/5)"]
[Site "?"]
[Date "1994.??.??"]
[Round "?"]
[White "Williams, Ken"]
[Black "Nicolli, Randy"]
[Result "1/2-1/2"]
[WhiteElo "1860"]
[BlackElo "1735"]
[PlyCount "69"]
[EventDate "1994.??.??"]

{4/(5)} 1. d4 f5 2. Nf3 Nf6 3. g3 d5 4. Bg2 e6 5. O-O Be7 6. c4 O-O 7. b3 Bd7
8. Ba3 Bxa3 9. Nxa3 Qe7 10. Nb1 Be8 11. Qc2 Ne4 12. Nc3 c6 13. Ne5 Nd7 14. Nxd7
Qxd7 15. f3 Nxc3 16. Qxc3 f4 17. e4 fxg3 18. hxg3 Bf7 19. f4 Rae8 20. Rfe1 Re7
21. Re3 Rd8 22. exd5 exd5 23. Rxe7 Qxe7 24. Re1 Qf6 25. c5 Re8 26. Rxe8+ Bxe8
27. Qe3 Kf8 28. Qe5 Qxe5 29. fxe5 Bd7 30. Kf2 Kf7 31. Ke3 g5 32. Bf3 Bf5 33. g4
Bg6 34. b4 a6 35. a3 1/2-1/2

[Event "Grand Rapids (MI Am/2/10)"]
[Site "?"]
[Date "1994.??.??"]
[Round "?"]
[White "Williams, Ken"]
[Black "Meyer, A."]
[Result "1-0"]
[WhiteElo "1860"]
[BlackElo "1605"]
[PlyCount "63"]
[EventDate "1994.??.??"]

{2/(10)} 1. d4 Nf6 2. c4 c5 3. d5 g6 4. Nc3 Bg7 5. e4 d6 6. Qa4+ Nbd7 7. Nf3
O-O 8. Nd2 Ne5 9. h3 Nh5 10. g3 f5 11. Bg2 Nd3+ 12. Ke2 fxe4 13. Ndxe4 Nxc1+
14. Raxc1 Nf6 15. Qc2 Nxe4 16. Nxe4 Bd4 17. Rcd1 Bf5 18. Rxd4 cxd4 19. g4 Bxe4
20. Bxe4 Qb6 21. f3 Rac8 22. Bxg6 d3+ 23. Bxd3 Rf7 24. b3 Qd4 25. Bf5 Rc7 26.
Be6 Qf6 27. Bxf7+ Qxf7 28. Qe4 Qg7 29. Rb1 Qc3 30. Rd1 Qg7 31. f4 Qh6 32. Qe6+
1-0

[Event "Detroit (MOR/6/31)"]
[Site "?"]
[Date "1994.??.??"]
[Round "?"]
[White "Williams, Eddie"]
[Black "Troupe, D."]
[Result "1-0"]
[WhiteElo "1660"]
[BlackElo "1605"]
[PlyCount "45"]
[EventDate "1994.??.??"]

{6/(31)} 1. e4 e5 2. Nf3 Nc6 3. d4 exd4 4. Nxd4 Nge7 5. Bb5 Nxd4 6. Qxd4 c6 7.
Bc4 d5 8. exd5 Nxd5 9. Bxd5 cxd5 10. O-O Be6 11. Bh6 Rg8 12. Bd2 Qc7 13. Nc3
Bc5 14. Qd3 g6 15. Nxd5 Bxd5 16. Qxd5 Rd8 17. Qe4+ Be7 18. Bb4 Rd7 19. Rad1 f5
20. Qe6 Rg7 21. Rfe1 a5 22. Bxa5 Rxd1 23. Bxc7 1-0

[Event "Detroit (MOR/4/24)"]
[Site "?"]
[Date "1994.??.??"]
[Round "?"]
[White "Williams, Eddie"]
[Black "Solski, Jeff"]
[Result "0-1"]
[WhiteElo "1660"]
[BlackElo "1605"]
[PlyCount "128"]
[EventDate "1994.??.??"]

{4/(24)} 1. e4 c5 2. Nf3 e6 3. c3 Nc6 4. d4 cxd4 5. cxd4 Bb4+ 6. Bd2 Bxd2+ 7.
Qxd2 Nf6 8. Nc3 d6 9. Qg5 O-O 10. e5 h6 11. Qh4 dxe5 12. dxe5 Nd5 13. Qxd8 Rxd8
14. O-O-O Ncb4 15. Bc4 Bd7 16. Bxd5 exd5 17. a3 Nc6 18. Rxd5 Be6 19. Rxd8+ Rxd8
20. Rd1 Rxd1+ 21. Nxd1 Bd5 22. Kd2 Bxf3 23. gxf3 Nxe5 24. Ke3 f5 25. Kf4 Nd3+
26. Kxf5 Kf7 27. h4 g6+ 28. Kg4 Ne5+ 29. Kf4 Kf6 30. Ke4 Nc4 31. f4 Nd6+ 32.
Kf3 Nf5 33. Kg4 h5+ 34. Kh3 Nd4 35. Ne3 Ne2 36. Kg2 Nxf4+ 37. Kf3 Nd3 38. Nd1
Ke5 39. b4 Ne1+ 40. Ke3 Nc2+ 41. Kd3 Nxa3 42. Nc3 b5 43. Ne4 Kf4 44. Nd6 Kg4
45. Kd4 Nc2+ 46. Kc5 a6 47. Ne8 Kxh4 48. Nc7 Kg4 49. Nxa6 Na3 50. Nc7 h4 51.
Nxb5 Nxb5 52. Kxb5 h3 53. Ka6 h2 54. b5 h1=Q 55. b6 Qa8+ 56. Kb5 Kf3 57. Kc5 g5
58. Kd4 Qb7 59. Ke5 Qxb6 60. Kf5 g4 61. Kg5 Qxf2 62. Kh5 g3 63. Kh4 g2+ 64. Kh3
g1=N# 0-1

[Event "Detroit (MOR/2/24)"]
[Site "?"]
[Date "1994.??.??"]
[Round "?"]
[White "Williams, Eddie"]
[Black "Davis, Ralph"]
[Result "1-0"]
[WhiteElo "1660"]
[BlackElo "1605"]
[PlyCount "85"]
[EventDate "1994.??.??"]

{2/(24)} 1. e4 c5 2. Nf3 d6 3. Bc4 Nf6 4. Nc3 e6 5. d3 Be7 6. Bd2 a6 7. a4 O-O
8. O-O Nc6 9. Re1 e5 10. h3 Bd7 11. Nd5 Nxd5 12. Bxd5 Be6 13. c4 Rb8 14. Qc2 a5
15. Bc3 Qd7 16. Bxc6 bxc6 17. Bxa5 f5 18. Bc3 f4 19. Kf1 Bxh3 20. gxh3 Qxh3+
21. Ke2 Rf6 22. Rh1 Qd7 23. Rag1 Rbf8 24. Qb3 Re6 25. Kd2 Qa7 26. Qa3 Ra8 27.
b3 Bd8 28. Nh4 Bxh4 29. Rxh4 Qf7 30. Rhh1 f3 31. Kc2 Rf8 32. Bd2 Qe8 33. Rg3
Rg6 34. Rhg1 Rxg3 35. Rxg3 h5 36. Bg5 g6 37. Qc1 Qb8 38. Bh4 Kh7 39. Qg5 Qe8
40. Qe7+ Qxe7 41. Bxe7 Rf4 42. a5 h4 43. Rh3 1-0

[Event "Detroit (MCO/DEU/2a/2)"]
[Site "?"]
[Date "1994.??.??"]
[Round "?"]
[White "Williams, Claude"]
[Black "Arwashan, N."]
[Result "1-0"]
[WhiteElo "1605"]
[BlackElo "1605"]
[PlyCount "63"]
[EventDate "1994.??.??"]

1. e4 e5 2. Bc4 Nf6 3. d3 Nc6 4. Nc3 Bb4 5. Nge2 d6 6. a3 Ba5 7. b4 Bb6 8. Na4
Bg4 9. Nxb6 cxb6 10. c3 O-O 11. O-O Nh5 12. f3 Be6 13. Bxe6 fxe6 14. Rf2 Rf6
15. Bg5 d5 16. Bxf6 Qxf6 17. Qd2 Rf8 18. Raf1 d4 19. c4 a5 20. b5 Ne7 21. f4
Qh4 22. g3 Qg4 23. fxe5 Rd8 24. Kg2 Ng6 25. Kh1 Nxe5 26. Nxd4 Qh3 27. Qg5 Nxd3
28. Rf3 Nc5 29. Qh4 Qxh4 30. gxh4 Nxe4 31. Nxe6 Nd2 32. Rf8+ 1-0